000 00815nam a2200325Ia 4500
005 20260514124400.0
008 008 261405s9999 xx 000 0 eng d
037 _aThesis
040 _aCRL
040 _beng
040 _cCRL
041 _2eng
041 _aeng
084 _qCRL
100 _aSingh Apoorv Dinesh Kumar
_91239733
245 0 _aRole of Negative Pressure Wound Therapy in the Management of Complecx Wounds of Lower Limb.
260 _aDelhi
260 _bUniversity of Delhi
260 _c2016
300 _a75p.
502 _bPh.D.
502 _cUniversity of Delhi
502 _d2016
541 _oThesis
650 _aGeneral Surgery
700 _aBrig PS Bhandari
_91239734
710 _aGeneral Surgery
_91239711
942 _cTH
999 _c1851778
_d1851778